[Event "Titled Tuesday intern op 16th Apr Late"]
[Site "Chess.com INT"]
[Date "2024.04.16"]
[Round "1"]
[White "Fernandez Hernandez, Gerardo"]
[Black "Bykov, Egor"]
[Result "0-1"]
[WhiteElo "2161"]
[BlackElo "2424"]
[PlyCount "62"]
[EventDate "2024.04.16"]
[EventType "swiss (blitz)"]
[EventRounds "11"]
[EventCountry "USA"]
[SourceTitle "CB17_2024"]
[SourceDate "2024.04.24"]
[SourceVersion "1"]
[SourceVersionDate "2024.04.24"]
[SourceQuality "1"]

1. e4 e6 2. d3 d5 3. Nd2 c5 4. g3 Nc6 5. Bg2 Nf6 6. Ngf3 Be7 7. 0-0 b5 8. Re1 0-0 9. e5 Nd7 10. h4 Qc7 11. Qe2 a5 12. Nf1 a4 13. Bf4 a3 14. b3 Nd4 15. Nxd4 cxd4 16. Qg4 Re8 17. Re2 Bb7 18. Rae1 Qc3 19. Bd2 Qb2 20. c4 h5 21. Qxh5 Qxa2 22. Bh6 Qxb3 23. Qg4 g6 24. h5 Qxd3 25. Be4 dxe4 26. hxg6 f5 27. exf6 Bxf6 28. Qh5 Qf3 29. Qxf3 exf3 30. Rxe6 Rxe6 31. Rxe6 a2 0-1

[Event "Titled Tuesday intern op 02nd Apr Early"]
[Site "Chess.com INT"]
[Date "2024.04.02"]
[Round "2"]
[White "Fernandez Hernandez, Gerardo"]
[Black "Mei, Austin"]
[Result "0-1"]
[WhiteElo "2161"]
[BlackElo "2280"]
[PlyCount "84"]
[EventDate "2024.04.02"]
[EventType "swiss (blitz)"]
[EventRounds "11"]
[EventCountry "USA"]
[SourceTitle "CB15_2024"]
[SourceDate "2024.04.10"]
[SourceVersion "1"]
[SourceVersionDate "2024.04.10"]
[SourceQuality "1"]

1. e4 e5 2. Nf3 Nc6 3. d4 exd4 4. Bc4 Nf6 5. e5 Ne4 6. Bd5 Nc5 7. 0-0 Ne6 8. Re1 Bc5 9. c3 dxc3 10. Nxc3 0-0 11. Ne4 Be7 12. g3 d6 13. exd6 Bxd6 14. Nfg5 Nxg5 15. Bxg5 Be7 16. Bxc6 Bxg5 17. Nxg5 Qxg5 18. Bg2 Bg4 19. Qb3 Rab8 20. h4 Qf6 21. Qa4 Bf3 22. Bxf3 Qxf3 23. Qxa7 Ra8 24. Qe3 Qf6 25. Qe5 Qb6 26. a3 h6 27. Rac1 c6 28. Qe7 Rad8 29. b4 Rd2 30. Re2 Rfd8 31. Rce1 Qd4 32. Re3 b5 33. Rf3 Qd5 34. Rf4 Rd1 35. Rxd1 Qxd1+ 36. Kg2 Qd5+ 37. Kg1 Rd7 38. Qe8+ Kh7 39. Qe4+ Qxe4 40. Rxe4 Rd3 41. Rf4 Rxa3 42. Rxf7 Rc3 0-1

[Event "Titled Tuesday intern op 06th Feb Early"]
[Site "Chess.com INT"]
[Date "2024.02.06"]
[Round "3"]
[White "Teterev, Vitaly"]
[Black "Fernandez Hernandez, Gerardo"]
[Result "1-0"]
[WhiteElo "2257"]
[BlackElo "2163"]
[PlyCount "51"]
[EventDate "2024.02.06"]
[EventType "swiss (blitz)"]
[EventRounds "11"]
[EventCountry "USA"]
[SourceTitle "CB07_2024"]
[SourceDate "2024.02.14"]
[SourceVersion "1"]
[SourceVersionDate "2024.02.14"]
[SourceQuality "1"]

1. e4 e6 2. d4 d5 3. Nc3 Nc6 4. Nf3 Nf6 5. exd5 exd5 6. Bb5 Bb4 7. 0-0 0-0 8. Ne2 Bg4 9. Bxc6 Bxf3 10. Bxb7 Bxg2 11. Kxg2 Rb8 12. Ba6 Qd6 13. Bd3 Ng4 14. Bf4 Qf6 15. Bg3 Bd6 16. b3 Bxg3 17. hxg3 Rb6 18. c3 Re8 19. Nf4 Nh6 20. Nxd5 Qg5 21. Nxb6 axb6 22. Re1 Re6 23. Qf3 g6 24. Rxe6 fxe6 25. Re1 Nf5 26. Bxf5 1-0

[Event "Titled Tuesday intern op 16th Jan Early"]
[Site "Chess.com INT"]
[Date "2024.01.16"]
[Round "2"]
[White "Renjith, Sravan"]
[Black "Fernandez Hernandez, Gerardo"]
[Result "1-0"]
[WhiteElo "2257"]
[BlackElo "2181"]
[PlyCount "103"]
[EventDate "2024.01.16"]
[EventType "swiss (blitz)"]
[EventRounds "11"]
[EventCountry "USA"]
[SourceTitle "CB04_2024"]
[SourceDate "2023.10.16"]
[SourceVersion "1"]
[SourceVersionDate "2023.10.16"]
[SourceQuality "1"]

1. Nf3 Nf6 2. b3 g6 3. g3 b5 4. Bb2 Bg7 5. Bg2 Bb7 6. 0-0 0-0 7. c4 bxc4 8. bxc4 d6 9. d3 Nbd7 10. Nbd2 Rb8 11. Rb1 c5 12. Bc3 Qc7 13. Qa4 Bc6 14. Qa6 Rb6 15. Rxb6 axb6 16. Qa3 Ra8 17. Qb2 Qa7 18. Ra1 Qa3 19. Qc2 Ng4 20. Bxg7 Kxg7 21. Nb1 Qa5 22. Qb2+ f6 23. Nfd2 Bxg2 24. Kxg2 Nge5 25. a4 Nc6 26. Nc3 Nb4 27. Nb3 Qa7 28. e4 Ne5 29. d4 Nxc4 30. Qe2 Na5 31. Nb5 Qb7 32. Nxa5 Rxa5 33. f3 Qa8 34. Nc7 Qc8 35. Nb5 Qa8 36. dxc5 bxc5 37. Nc7 Qc8 38. Nb5 Qa8 39. Nc3 Nc6 40. Qc4 Qc8 41. Rb1 Nd4 42. Nd5 Ra7 43. a5 Qd8 44. a6 Rxa6 45. Qxa6 e6 46. Ne3 h5 47. Rb7+ Kh6 48. Qb6 Qa8 49. Ra7 Qe8 50. Qc7 Qb5 51. Qg7+ Kg5 52. h4# 1-0

[Event "Titled Tuesday intern op 09th Jan Early"]
[Site "Chess.com INT"]
[Date "2024.01.09"]
[Round "9"]
[White "Mesquita, Eduardo Barbosa"]
[Black "Fernandez Hernandez, Gerardo"]
[Result "1-0"]
[WhiteElo "1948"]
[BlackElo "2181"]
[PlyCount "63"]
[EventDate "2024.01.09"]
[EventType "swiss (blitz)"]
[EventRounds "11"]
[EventCountry "USA"]
[SourceTitle "CB03_2024"]
[SourceDate "2024.01.17"]
[SourceVersion "1"]
[SourceVersionDate "2024.01.17"]
[SourceQuality "1"]

1. e4 e6 2. d4 d5 3. e5 c5 4. c3 Nc6 5. Nf3 Qb6 6. Bd3 Nh6 7. dxc5 Bxc5 8. 0-0 Ng4 9. Qe2 0-0 10. Bxh7+ Kxh7 11. Ng5+ Kg6 12. Qxg4 Nxe5 13. Qg3 f6 14. Nxe6+ Kf7 15. Nxf8 Kxf8 16. b4 Bd6 17. Be3 Qc7 18. Qh4 Kg8 19. Kh1 Ng4 20. h3 Nxe3 21. fxe3 Be6 22. Qd4 Be5 23. Qd3 d4 24. cxd4 Bc4 25. Qf5 Bxf1 26. Qxf1 Bd6 27. Nd2 Bxb4 28. Ne4 Qe7 29. Rb1 Re8 30. Ng3 Bd6 31. Nf5 Qf8 32. Rxb7 1-0

[Event "Titled Tuesday intern op 09th Jan Early"]
[Site "Chess.com INT"]
[Date "2024.01.09"]
[Round "3"]
[White "Vargas, Mauricio"]
[Black "Fernandez Hernandez, Gerardo"]
[Result "0-1"]
[WhiteElo "1958"]
[BlackElo "2181"]
[PlyCount "70"]
[EventDate "2024.01.09"]
[EventType "swiss (blitz)"]
[EventRounds "11"]
[EventCountry "USA"]
[SourceTitle "CB03_2024"]
[SourceDate "2024.01.17"]
[SourceVersion "1"]
[SourceVersionDate "2024.01.17"]
[SourceQuality "1"]

1. e4 e6 2. f4 d5 3. e5 c5 4. Nf3 Nc6 5. Bb5 Bd7 6. Bxc6 Bxc6 7. 0-0 h5 8. d3 Nh6 9. Qe1 Nf5 10. Bd2 Be7 11. Nc3 b5 12. a4 a6 13. axb5 axb5 14. Rxa8 Qxa8 15. Qf2 b4 16. Ne2 h4 17. Rb1 Qa2 18. Qe1 d4 19. c3 h3 20. g4 Bxf3 21. gxf5 Bxe2 22. fxe6 Bxd3 23. Ra1 Qd5 24. Qg3 fxe6 25. Qxg7 Qg2+ 26. Qxg2 hxg2 27. Kxg2 dxc3 28. bxc3 b3 29. Ra8+ Bd8 30. Rb8 c4 31. Be3 Be4+ 32. Kg3 Kd7 33. h4 Bxh4+ 34. Kg4 Bf5+ 35. Kf3 Rxb8 0-1

[Event "Titled Tuesday intern op 12th Dec Early"]
[Site "Chess.com INT"]
[Date "2023.12.12"]
[Round "10"]
[White "Fernandez Hernandez, Gerardo"]
[Black "Zaksaite, Salomeja"]
[Result "1-0"]
[WhiteElo "2181"]
[BlackElo "2212"]
[PlyCount "103"]
[EventDate "2023.12.12"]
[EventType "swiss (blitz)"]
[EventRounds "11"]
[EventCountry "USA"]
[SourceTitle "CB51_2023"]
[SourceDate "2023.12.20"]
[SourceVersion "1"]
[SourceVersionDate "2023.12.20"]
[SourceQuality "1"]

1. e4 e6 2. d3 d5 3. Nd2 e5 4. Ngf3 Nc6 5. exd5 Qxd5 6. g3 Nf6 7. Bg2 Be7 8. 0-0 0-0 9. Re1 Bg4 10. h3 Bxf3 11. Nxf3 Qd6 12. Qe2 Nd7 13. c3 Rfe8 14. Be3 Bf8 15. Rad1 f5 16. h4 h6 17. Bc1 Rad8 18. Nd2 Nc5 19. Nc4 Qg6 20. Bf3 Re7 21. Bxc6 Qxc6 22. Nxe5 Qd5 23. d4 Ne4 24. Ng6 Rf7 25. Ne5 Re7 26. Ng6 Rf7 27. Nf4 Qxa2 28. c4 c5 29. d5 a6 30. Ne6 Re8 31. Qh5 Bd6 32. Qe2 Qb3 33. Kh2 Nxg3 34. fxg3 Qxg3+ 35. Kh1 Qxh4+ 36. Kg1 Qg3+ 37. Qg2 Qxg2+ 38. Kxg2 f4 39. Kf3 g5 40. Rg1 Kh7 41. Rg2 Kg6 42. Rh1 Ree7 43. Bd2 b5 44. Kg4 Rb7 45. b3 bxc4 46. bxc4 Rb3 47. Rh3 Rxh3 48. Kxh3 f3 49. Rf2 h5 50. Nxg5 Rf5 51. Nxf3 Kf7 52. Ng5+ 1-0

[Event "Titled Tuesday intern op 20th Sep Early"]
[Site "Chess.com INT"]
[Date "2022.09.20"]
[Round "9"]
[White "Fernandez Hernandez, Gerardo"]
[Black "Rios Escobar, Adan"]
[Result "0-1"]
[WhiteElo "2169"]
[BlackElo "2276"]
[PlyCount "70"]
[EventDate "2022.09.20"]
[EventType "swiss (blitz)"]
[EventRounds "11"]
[EventCountry "USA"]
[SourceTitle "EXT 2023"]
[Source "ChessBase"]
[SourceDate "2022.10.05"]
[SourceVersion "1"]
[SourceVersionDate "2022.10.05"]
[SourceQuality "1"]

1. e4 c5 2. d3 g6 3. g3 Bg7 4. Bg2 e6 5. f4 Ne7 6. Nf3 Nbc6 7. 0-0 0-0 8. c3 d6 9. Be3 b6 10. d4 Bb7 11. dxc5 dxc5 12. Qe2 Qc7 13. a4 a5 14. Na3 Rad8 15. Nb5 Qb8 16. e5 Nd5 17. Rad1 Nxe3 18. Qxe3 Ba6 19. Ng5 Na7 20. Nxa7 Bxf1 21. Nc6 Rxd1 22. Nxb8 Ba6+ 23. Kf2 Rxb8 24. Ne4 Rbd8 25. Nd6 Bf8 26. Ne4 Be7 27. Bf3 Rf1+ 28. Kg2 Rb1 29. Qf2 Kg7 30. g4 Bb7 31. Nf6 Bxf3+ 32. Kxf3 Rdd1 33. Kg3 Rg1+ 34. Kh4 h6 35. g5 hxg5+ 0-1